000 00339pab a2200145 454500
008 180718b2017 xxu||||| |||| 00| 0 eng d
100 _aMenon, Meena
245 _aIn the name of God
260 _c2017
300 _ap.23-25.
362 _a7 Jan
650 _aIslamic law
773 _aEconomic and Political Weekly
909 _a113382
999 _c113377
_d113377